000 00518nam a22001817a 4500
005 20151230093424.0
008 150515b xxu||||| |||| 00| 0 eng d
020 _a9780073126630
041 0 _aeng
080 _a330
100 1 _aMcConnell R. Campbell
245 1 0 _aEconomics/
_cCampbell R. McConnell; Stanley L. Brue.
260 _aAmericas,
_bMcGraw-Hill,
_c2008.
300 _a775 f.:
_bme il.;
_c27 cm,
505 _aIndex: f. 744 - 775
650 0 _aEkonomiks
942 _2udc
_cBK
999 _c790
_d790